000 00351nam a22001097a 4500
008 230612b xxu||||| |||| 00| 0 eng d
082 _a353.900
_bGOK
245 _a2016/2017 Programme Based Budget of the National Government of Kenya for the Year Ending 30th June, 2017
260 _aNairobi,Kenya
_bGOK
_cApril,2016
300 _aX,745p
942 _2ddc
_cBK
999 _c1064
_d1064